Periodic Table Symbols Word Builder - Elements - Statistics

General Stats
  • This quiz has been taken 9 times
  • The average score is 15 of 24
Answer Stats
Hint Answer % Correct
Iron Iridium+Oxygen+Nitrogen
100%
Neon Neon+Oxygen+Nitrogen
100%
Tin Titanium+Nitrogen
100%
Carbon Calcium+Rubidium+Oxygen+Nitrogen
86%
Xenon Xenon+Nitrogen+Oxygen+Nitrogen
86%
Carbon Carbon+Argon+Boron+Oxygen+Nitrogen
71%
Xenon Xenon+Nobelium+Nitrogen
71%
Arsenic Argon+Selenium+Nickel+Carbon
57%
Arsenic Argon+Selenium+Nitrogen+Iodine+Carbon
57%
Bismuth Bismuth+Samarium+Uranium+Thorium
57%
Bismuth Boron+Iodine+Samarium+Uranium+Thorium
57%
Copper Carbon+Oxygen+Phosphorus+Phosphorus+Erbium
57%
Copper Cobalt+Phosphorus+Phosphorus+Erbium
57%
Krypton Krypton+Yttrium+Platinum+Oxygen+Nitrogen
57%
Silicon Silicon+Lithium+Carbon+Oxygen+Nitrogen
57%
Silicon Silicon+Lithium+Cobalt+Nitrogen
57%
Silicon Sulfur+Iodine+Lithium+Carbon+Oxygen+Nitrogen
57%
Silicon Sulfur+Iodine+Lithium+Cobalt+Nitrogen
57%
Silver Silicon+Livermorium+Erbium
43%
Silver Sulfur+Iodine+Livermorium+Erbium
43%
Tennessine Tellurium+Nitrogen+Neon+Sulfur+Sulfur+Iodine+Neon
43%
Tennessine Tellurium+Nitrogen+Neon+Sulfur+Silicon+Neon
29%
Tennessine Tellurium+Nitrogen+Nitrogen+Einsteinium+Silicon+Neon
29%
Tennessine Tellurium+Nitrogen+Nitrogen+Einsteinium+Sulfur+Iodine+Neon
29%
No matching quizzes found
Score Distribution
Percent of People with Each Score
Percentile by Number Answered
Your Score History
You have not taken this quiz